LEADER 01124nam a2200253 i 4500 001 000000231133 003 CaOOAMICUS 005 20140710000000.0 008 140710s1959 it u000 u ita u 013 $a210036 040 $aSeMil$bita 100 1 $aMarchetti, Leopoldo.$0(OLS)http://semarc/name/14338 245 10$aMilano 1859 /$cLeopoldo Marchetti. 260 $aMilano :$b[s.n.],$c1959$e(Milano :$fAmilcare Pizzi,$g1959) 300 $a119 p., [26] c. di tav. :$bill. ;$c27 cm. 500 $aFondo card. Giovanni Colombo. - A pič del front.: Strenna dell'Istituto ortopedico Gaetano Pini gia' Pio Istituto dei rachitici. - Esemplare n. 759 di ed. numerata. 650 4$aMilano - Storia - Sec. 19.$0(OLS)http://semarc/subject/4456 650 4$aRisorgimento italiano - 1859.$0(OLS)http://semarc/subject/26388 850 $aSeMil 852 $aSeMil$W1$xVenegono$y1$m3GC VIII 23$j181479$B181479$CSeMilBibl$Z2$F192783 $8B 941 1 $a3 961 $aLascito: Colombo Card. Giovanni 996 $6245$aMilano 1859$9(OLS)http://semarc/title/277642 996 $6260$aMilano :$b[s.n.]$9(OLS)http://semarc/publisher/29709 LEADER 01081nam a2200265 i 4500 001 000000120761 003 CaOOAMICUS 005 20040610000000.0 008 040610s1966 it u000 u ita u 013 $a93455 040 $aSeMil$bita 100 1 $aPalladio, Andrea,$c<1508-1580>.$0(OLS)http://semarc/name/36690 245 10$aPalladio /$cLionello Puppi. 260 $aFirenze :$bSadea Sansoni,$ccopyr. 1966. 300 $a39 p., 79 p. di tav. :$bill. ;$c18 cm. 490 0 $aI diamanti dell'arte : biblioteca di pittura, scultura e architettura ;$v23 650 4$aPalladio, Andrea.$0(OLS)http://semarc/subject/22757 700 1 $aPuppi, Lionello.$0(OLS)http://semarc/name/5440 830 2$aI diamanti dell'arte ;$v23.$0(OLS)http://semarc/title/15551 850 $aSeMil 852 $aSeMil$W1$xVenegono$y1$m5P I 57$j75901$B75901$CSeMilBibl$Z2$F83752 $81 900 1 $aAndrea : di Pietro della Gondola. 996 $6245$aPalladio$9(OLS)http://semarc/title/177727 996 $6260$aFirenze :$bSadea Sansoni$9(OLS)http://semarc/publisher/33238